[Event "FIN-ch U18"]
[Site "Valkeakoski"]
[Date "2018.06.10"]
[Round "7"]
[White "Lehtinen, Elias"]
[Black "Bederdin, Lauri"]
[Result "0-1"]
[WhiteElo "1599"]
[BlackElo "2000"]
[PlyCount "74"]
[EventDate "2018.06.07"]
[EventType "tourn"]
[EventRounds "7"]
[EventCountry "FIN"]
[SourceTitle "EXT 2022"]
[Source "ChessBase"]
[SourceDate "2021.10.06"]
[SourceVersion "1"]
[SourceVersionDate "2021.10.06"]
[SourceQuality "1"]

1. e4 c5 2. Nf3 d6 3. d4 cxd4 4. Qxd4 a6 5. Bc4 Nc6 6. Qd3 e6 7. Bf4 Be7 8. Nc3 Nf6 9. e5 dxe5 10. Qxd8+ Bxd8 11. Nxe5 Nxe5 12. Bxe5 b5 13. Bd3 Bb7 14. f3 0-0 15. Bd6 Re8 16. Nxb5 axb5 17. Bxb5 Ba5+ 18. b4 Red8 19. Be7 Nd5 20. Bxd8 Bxb4+ 21. Kf2 Rxd8 22. Rhd1 Ra8 23. c4 Bc5+ 24. Kg3 Nc3 25. Rd7 Ba6 26. Bxa6 Rxa6 27. Rd8+ Bf8 28. Rc8 g6 29. Re1 Kg7 30. Re3 Nxa2 31. c5 Nb4 32. Rb3 Nd5 33. Rb7 Ra5 34. c6 Rc5 35. Rd7 Ne7 36. Rcc7 Rxc6 37. Rxe7 Rxc7 0-1

[Event "FIN-ch U18"]
[Site "Valkeakoski"]
[Date "2018.06.08"]
[Round "3"]
[White "Nazarova, Anastasia"]
[Black "Lehtinen, Elias"]
[Result "1-0"]
[WhiteElo "2137"]
[BlackElo "1599"]
[PlyCount "87"]
[EventDate "2018.06.07"]
[EventType "tourn"]
[EventRounds "7"]
[EventCountry "FIN"]
[SourceTitle "EXT 2022"]
[Source "ChessBase"]
[SourceDate "2021.10.06"]
[SourceVersion "1"]
[SourceVersionDate "2021.10.06"]
[SourceQuality "1"]

1. e4 e5 2. Nf3 Nc6 3. Bb5 Nd4 4. Nxd4 exd4 5. 0-0 c6 6. Bc4 d5 7. exd5 cxd5 8. Re1+ Be7 9. Bb5+ Bd7 10. Qg4 g6 11. Bxd7+ Qxd7 12. Qxd4 f6 13. Nc3 Rd8 14. d3 b6 15. Qh4 Kf7 16. Qg3 Bc5 17. Qf4 Bd6 18. Qf3 Ne7 19. Bg5 Qf5 20. Qxf5 Nxf5 21. Bd2 Nd4 22. Rac1 Rhe8 23. Rxe8 Rxe8 24. Kf1 Bb4 25. a3 Ne2 26. Nxe2 Bxd2 27. Rd1 Bh6 28. d4 Rc8 29. c3 f5 30. Nc1 Bxc1 31. Rxc1 a5 32. a4 Rc4 33. b3 Rc6 34. Ke2 g5 35. Kd3 Kf6 36. Re1 Re6 37. Rxe6+ Kxe6 38. b4 h5 39. bxa5 bxa5 40. f3 f4 41. h3 Kd6 42. c4 Ke6 43. cxd5+ Kxd5 44. Kc3 1-0